| 000 | 00734nam a2200241Ia 4500 | ||
|---|---|---|---|
| 003 | OSt | ||
| 005 | 20220923223502.0 | ||
| 006 | a|||||r|||| 00| 0 | ||
| 007 | ta | ||
| 008 | 220922b |||||||| |||| 00| 0 hin d | ||
| 024 | _a217,592 | ||
| 037 | _cTextual | ||
| 040 |
_aARTS _cARTS _bhin |
||
| 041 |
_2hin _ahin |
||
| 082 | _aR625, 152P0 | ||
| 100 | _aभण्डारी, डी आर | ||
| 245 | 0 | _aप्रमाण मीमांसा | |
| 246 | _aPramāṇ mīmāansā | ||
| 260 |
_aजोधपुर _b राजस्थानी ग्रन्थागार _c2000 |
||
| 300 |
_a102i` _ccm. |
||
| 942 |
_hR625, 152P0 _cTEXL _2CC |
||
| 999 |
_c365636 _d365636 |
||